LEADER 00910cam0-2200301 --450 001 9910431959303321 005 20210127120817.0 010 $a978-88-6843-694-0 020 $aIT$b2018-3484 100 $a20210127d2017----km y0itay50 ba 101 0 $aita 102 $aIT 105 $ay 001yy 200 1 $a<>vita in villa$esvaghi, lussi e raffinatezze nell'Italia del Settecento$fGiulia Torri 210 $aRoma$cDonzelli$d2017 215 $aX, 282 p.$cill.$d21 cm 225 1 $aSaggi. Arti e lettere 610 0 $aNobili [e] Ricchi$aVita sociale$aItalia$aSec. 18. 610 0 $aNobili$aVita sociale$aItalia$aSec. 18. 676 $a305.5220945$v23$zita 700 1$aTorri,$bGiulia$0648975 801 0$aIT$bUNINA$gREICAT$2UNIMARC 901 $aBK 912 $a9910431959303321 952 $aXIV M 82$b2388/2020$fFSPBC 959 $aFSPBC 996 $aVita in villa$91515796 997 $aUNINA LEADER 04086nam 22006495 450 001 9910337904603321 005 20200707001018.0 010 $a3-030-03038-5 024 7 $a10.1007/978-3-030-03038-4 035 $a(CKB)4100000007335025 035 $a(MiAaPQ)EBC5627073 035 $a(DE-He213)978-3-030-03038-4 035 $a(PPN)232965021 035 $a(EXLCZ)994100000007335025 100 $a20181229d2019 u| 0 101 0 $aeng 135 $aurcnu|||||||| 181 $ctxt$2rdacontent 182 $cc$2rdamedia 183 $acr$2rdacarrier 200 10$aIce Mechanics for Geophysical and Civil Engineering Applications /$fby Ryszard Staroszczyk 205 $a1st ed. 2019. 210 1$aCham :$cSpringer International Publishing :$cImprint: Springer,$d2019. 215 $a1 online resource (334 pages) 225 1 $aGeoPlanet: Earth and Planetary Sciences,$x2190-5193 311 $a3-030-03037-7 327 $aIntroduction -- Formation and Types of Natural Ice Masses -- Properties and Mechanical Behaviour of Ice -- Sea Ice in Civil Engineering Applications -- Sea Ice in Geophysical Applications -- Micro-Mechanical Modes of Polar Ice -- Phenomenological Constitutive Models for Polar Ice -- Polar Ice Sheet Flow Models. 330 $aThis book presents the concepts and tools of ice mechanics, together with examples of their application in the fields of glaciology, climate research and civil engineering in cold regions. It starts with an account of the most important physical properties of sea and polar ice treated as an anisotropic polycrystalline material, and reviews relevant field observations and experimental measurements. The book focuses on theoretical descriptions of the material behaviour of ice in different stress, deformation and deformation-rate regimes on spatial scales ranging from single ice crystals, those typical in civil engineering applications, up to scales of thousands of kilometres, characteristic of large, grounded polar ice caps in Antarctica and Greenland. In addition, it offers a range of numerical formulations based on either discrete (finite-element, finite-difference and smoothed particle hydrodynamics) methods or asymptotic expansion methods, which have been used by geophysicists, theoretical glaciologists and civil engineers to simulate the behaviour of ice in a number of problems of importance to glaciology and civil engineering, and discusses the results of these simulations. The book is intended for scientists, engineers and graduate students interested in mathematical and numerical modelling of a wide variety of geophysical and civil engineering problems involving natural ice. 410 0$aGeoPlanet: Earth and Planetary Sciences,$x2190-5193 606 $aGeophysics 606 $aCivil engineering 606 $aGeology 606 $aMechanics 606 $aMechanics, Applied 606 $aClimatology 606 $aGeophysics/Geodesy$3https://scigraph.springernature.com/ontologies/product-market-codes/G18009 606 $aCivil Engineering$3https://scigraph.springernature.com/ontologies/product-market-codes/T23004 606 $aGeology$3https://scigraph.springernature.com/ontologies/product-market-codes/G17002 606 $aTheoretical and Applied Mechanics$3https://scigraph.springernature.com/ontologies/product-market-codes/T15001 606 $aClimatology$3https://scigraph.springernature.com/ontologies/product-market-codes/311000 615 0$aGeophysics. 615 0$aCivil engineering. 615 0$aGeology. 615 0$aMechanics. 615 0$aMechanics, Applied. 615 0$aClimatology. 615 14$aGeophysics/Geodesy. 615 24$aCivil Engineering. 615 24$aGeology. 615 24$aTheoretical and Applied Mechanics. 615 24$aClimatology. 676 $a620.198 700 $aStaroszczyk$b Ryszard$4aut$4http://id.loc.gov/vocabulary/relators/aut$0954553 906 $aBOOK 912 $a9910337904603321 996 $aIce Mechanics for Geophysical and Civil Engineering Applications$92159163 997 $aUNINA